000 00867nam a2200301Mi 4500
001 87301
005 20230411090045.0
008 081020s2008 sp 000 0 spa d
035 _a(OCoLC)ocn263131916
040 _aC3L
_cC3L
020 _a9788497428705
020 _a8497428706
029 0 _aC3L
_b60657598
035 _a(OCoLC)263131916
045 _ax0x4
_ax4x-
082 1 4 _a307
_221
049 _aGRAL
100 1 _aPillet, Fâelix.
245 1 0 _aEspacio y ciencia del territorio :
_bproceso y relación global-local /
_cFélix Pillet.
260 _aMadrid :
_bBiblioteca Nueva,
_c2008.
300 _a185 p. ;
_c21 cm.
440 0 _aLibros singulares
500 _aF. Pillet teaches at the Universidad de Castilla La Mancha.
938 _aCasalini Libri
_bCASA
_n60657598
_c16.00 EUR
942 _2lcc
_cbk
994 _aC0
_bDRFGD
946 _aJP
999 _c111728
_d111728